| 000 | 00777nam a2200205 i 4500 | ||
|---|---|---|---|
| 001 | 180435 | ||
| 003 | ES-MaACL | ||
| 005 | 20250814045121.0 | ||
| 008 | 120604s1970 sp |||| | spa d | ||
| 080 | _a530.145(043.2) | ||
| 100 | 1 |
_aMiracle Sole, Salvador. _9150332 |
|
| 245 | 1 | 0 |
_aVersión algebraica del formalismo canónico de la física cuántica / _cpor Salvador Miracle Sole. |
| 260 |
_aBarcelona : _bUniversidad de Barcelona, Secretariado de Publicaciones, Intercambio Científico y Extensión Universitaria, _c1970. |
||
| 300 |
_a12 p. ; _c24 cm. |
||
| 502 | _aResumen de tesis--Universidad Barcelona. | ||
| 650 | 0 | 7 |
_aMecánica cuántica _2embne _914872 |
| 710 | 2 |
_aUniversidad de Barcelona. _97141 |
|
| 852 |
_aES-MaACL _jE-15362(30) |
||
| 999 |
_c180435 _d180435 |
||